000 00325nam a22001337a 4500
008 170330b xxu||||| |||| 00| 0 eng d
020 _a9780838514405
041 _aeng
080 _211TH
_a616-053.2
100 _a8
101 _aSHM
245 _aCURRENT PEDIATRIC DIAGNOSIS & TREATMENT
_cHATHAWAY, W.E
942 _2udc
_cBK
999 _c9119
_d9119